000 04741nam a22003137i 4500
001 TCPA 53
003 gtcocun
005 20250910231633.0
006 a||||gr|||| 00| 0
008 250910b2018 gt ||||| m||| 00| 0 eng d
040 _agtcocun
_bSPA
_cgtcocun
_eRDA
041 _aSPA
084 _0TCPA 53
100 _aTiul Tox, Pablo Hermenegildo
_eAutor
245 _aInforme final del Ejercicio Profesional Supervisado, realizado en Ingeniería y Servicios GL, ubicada en San Pedro Carchá, Alta Verapaz/
_cPablo Hermenegildo Tiul Tox
_hImpreso
264 _aCobán, Alta Verapaz:
_bUniversidad de San Carlos de Guatemala, Centro Universitario del Norte, Licenciatura en Contaduría Pública y Auditoría.
_c2018
300 _a77 p.:
_bIlustraciones, gráficas.
_c28 cm; PDF
336 _2rdacontenido
_aTexto
_btxt
337 _2rdamedio
_aComputadora
_bn
338 _2rdasoporte
_aCódigo en línea
_bcr
502 _e.
502 _aTesis de grado
_bLicenciatura en Contaduría Pública y Auditoría.
_cUniversidad de San Carlos de Guatemala, Centro Universitario del Norte, Licenciatura en Contaduría Pública y Auditoría.
_d2018
_oTCPA 53
520 1 4 _aLa Universidad de San Carlos de Guatemala caracterizada por la formación de profesionales con principios éticos y de excelencia, ofrece a través del Centro Universitario del Norte la carrera de Licenciatura en Contaduría Pública y Auditoría, la cual solicita como etapa final que el estudiante realice el Ejercicio Profesional Supervisado, en el que se busca la aplicación de los conocimientos adquiridos mediante intervenciones profesionales para la disminución de riesgos financieros en las empresas del medio. El ejercicio fue realizado en la empresa Ingeniería y Servicios GL, con personalidad individual, dedicada a la formulación, diseño, ejecución y supervisión de obras civiles, ubicada en el municipio de San Pedro Carchá, Alta Verapaz, la cual fue sometida a un diagnóstico con el fin de conocer su situación económica y financiera, para posteriormente redactar y jerarquizar las problemáticas detectadas en las que se enfocaron las intervenciones profesionales. Una vez finalizada la etapa de diagnóstico, se redactó el plan de trabajo que contenía la programación de las actividades con las cuales se pretendían corregir dichas problemáticas, también se incluyó dentro del plan la justificación, la planificación y el cronograma de actividades, con el fin de organizar de manera adecuada la ejecución de las intervenciones. Se respetó la programación y los lineamientos plasmados en el plan de trabajo y seguidamente se inició el proceso de ejecución con el diseño de un manual contable incluyéndose los siguientes aspectos: generalidades de la empresa, instructivo, plan de cuentas, descripción de cuentas, jornalizaciones, políticas contables y flujogramas de actividades, al finalizar se entregó el documento al gerente, quien aprobó y autorizó su implementación inmediata. Posteriormente con la reestructuración de las bases imponibles del Impuesto al Valor Agregado se logró ajustar los saldos del impuesto de los periodos afectados, lo que conllevó a rectificar los formularios, también se verificaron los saldos de créditos fiscales acreditables al Impuesto Sobre la Renta, con lo que se determinó su procedencia y razonabilidad, la intervención finalizó al realizar la entrega del informe que incluyó los aspectos más relevantes detectados, los montos ajustados de los diferentes ejercicios fiscales, libros de compras, ventas y formularios rectificados. Seguidamente se reestructuraron los registros contables y estados financieros, en los que fueron detectaros diferencias entre la documentación física y los saldos reportados en los libros, razón suficiente para ajustar los saldos mediante los cálculos respectivos que fueron documentados en los papeles de trabajo, la actividad culminó con la entrega del informe de las diferencias detectadas, los ajustes realizados, los libros diarios, mayores y estados financieros corregidos. Para finalizar se redactaron las conclusiones de las diferentes actividades realizadas y las recomendaciones para que la empresa siguiera desempeñándose de manera adecuada y sin ningún inconveniente en sus actividades operativas, administrativas y financieras.
650 1 4 _2LEMB
_aCobán, Alta Verapaz
_xmanual
_xreestructuración
_xestados financieros
700 _aLic. Teófilo Remigio Caal Barrientos
_eAsesor
856 _uhttps://drive.google.com/file/d/1CiTyJU42OojE0tgRfQ3ZcSNf4813KTrR/view?usp=sharing
_yPDF
_zUn ejemplar en línea.
942 _2ddc
_cTES
_iTCPA_53
_kClasificación
_n0
_6TCPA__53
999 _c1783
_d1783